| 000 | 01182nam a22002897a 4500 | ||
|---|---|---|---|
| 001 | 4808 | ||
| 003 | FISKH | ||
| 005 | 20241014163733.0 | ||
| 008 | 241014b cb ||||| |||| 00| 0 eng d | ||
| 020 | _a9780545447843 | ||
| 040 |
_aFISKH _beng _cFISKH _dFISKH |
||
| 050 | _aPZ7.W6713 | ||
| 082 | _a813.54 | ||
| 100 | _aWilliams-Garcia, Rita | ||
| 245 |
_aOne Crazy Summer / _cby Rita Williams-Garcia |
||
| 250 | _aFirst Scholastic printing , January 2012 | ||
| 260 |
_aNew York : _bScholastic ; _c2010 . |
||
| 300 |
_a218 pages : _billustrations ; _c20 cm . |
||
| 490 | _a Gaither Sisters Trilogy | ||
| 505 | _aR | ||
| 520 | _aIn the summer of 1968, after travelling from Brooklyn to Oakland, California, to spend a month with the mother they barely know, eleven-year-old Delphine and her two younger sisters arrive to a cold welcome as they discover that their mother, a dedicated poet and printer, is resentful of the intrusion of their visit and wants them to attend a nearby Black Panther summer camp. | ||
| 521 | 8 |
_a750
_bLexile |
|
| 521 | 8 |
_aR
_bRaz-Plus |
|
| 650 |
_aBlack Panthers _vhistorical fiction |
||
| 942 |
_2ddc _cBK _n0 |
||
| 999 |
_c4808 _d4808 |
||